USA women's soccer team - Statistics

General Stats
  • This quiz has been taken 458 times
    455 since last reset
  • The average score is 10 of 15
Answer Stats
First Name Last Name % Correct
Alex Morgan
99%
Tobin Heath
89%
Carli Lloyd
88%
Christen Press
79%
Hope Solo
79%
Lindsey Horan
78%
Crystal Dunn
77%
Kelley O'Hara
77%
Mallory Pugh
71%
Ali Krieger
65%
Becky Sauerbrunn
54%
Heather O'Reilly
45%
Morgan Brian
43%
Whitney Engen
24%
Lauren Barnes
2%
No matching quizzes found
Score Distribution
Percent of People with Each Score
Percentile by Number Answered
Your Score History
You have not taken this quiz since the last reset